La Procesión del Corpus
Descripción Física:
Il·lustracions
Colección:
San Jorge,
; núm. 7 (juliol 1952), pàg 54
Materias:
Corpus Christi -- Barcelona (Catalunya)
; Processons -- Processons religioses -- Barcelona (Catalunya)
Idioma:
Español
MARC
| LEADER | 00000naa a2200000 a 4500 | ||
|---|---|---|---|
| 003 | Arxiu | ||
| 005 | 20260324181040.0 | ||
| 008 | 160829s1952 spcaxx s spa c | ||
| 040 | |a agdb | ||
| 245 | 0 | 3 | |a La Procesión del Corpus |
| 300 | |b Il·lustracions | ||
| 490 | |a San Jorge, |v núm. 7 (juliol 1952), pàg 54 | ||
| 650 | 0 | |a Corpus Christi |z Barcelona (Catalunya) |9 54613 | |
| 650 | 0 | |a Processons |x Processons religioses |z Barcelona (Catalunya) | |
| 773 | |g Núm. 7 (juliol 1952), pàg 54 |t San Jorge. | ||
| 901 | |a Arxiu | ||
| 942 | |n 1 |2 udc |c ART | ||
| 952 | |0 0 |1 0 |4 0 |6 REV508 |7 1 |9 64671 |a Arxiu |b Arxiu |d 2022-12-05 |l 0 |o Rev-508 |r 2022-12-05 00:00:00 |w 2022-12-05 |y ARXIU |z També disponible a Rev-521 | ||
| 999 | |c 48905 |d 48905 | ||